00000000nas 2200000zi 4500
0019.946575
003CaOODSP
00520250110160807
006m     o  d f      
007cr |||||||||||
008250107d19291930onca| p o    f0###a0eng|d
040 |aCaOODSP|beng|erda|cCaOODSP
043 |an-cn-bc
0861 |aA51-146E-PDF
1102 |aExperimental Station (Windermere, B.C.)|eauthor, |eissuing body.
24510|aExperimental Station, Windermere, B.C. : |breport of the superintendent ... for the years ...
264 1|aOttawa : |bMinister of Agriculture
310 |aAnnual
336 |atext|btxt|2rdacontent
337 |acomputer|bc|2rdamedia
338 |aonline resource|bcr|2rdacarrier
3621 |aCeased with: 1930.
500 |aTitle varies slightly.
500 |aDigitized edition from print [provided by Agriculture and Agri-Food Canada].
588 |aDescription based on: 1928/1929; title from PDF title page.
588 |aLatest issue consulted: 1930.
61025|aExperimental Station (Windermere, B.C.)‏|vPeriodicals.
61025|aExperimental Station (Windermere, B.C.)‏|vPériodiques.
650 0|aAgricultural experiment stations|zBritish Columbia|zWindermere|vPeriodicals.
650 6|aStations agronomiques|zColombie-Britannique|zWindermere|vPériodiques.
655 7|aPeriodicals|2lcgft
655 7|aPériodiques|2rvmgf
7102 |aDominion Experimental Farms and Stations (Canada), |eissuing body.